[Event "Hessen-ch Seniors op 08th"]
[Site "Bad Sooden-Allendorf"]
[Date "2012.04.21"]
[Round "8"]
[White "Kirchberg, Hans Georg"]
[Black "Schlag, Franz"]
[Result "0-1"]
[WhiteElo "1971"]
[BlackElo "2077"]
[PlyCount "98"]
[EventDate "2012.04.14"]
[EventType "swiss"]
[EventRounds "9"]
[EventCountry "GER"]
[SourceTitle "EXT 2019"]
[Source "ChessBase"]
[SourceDate "2018.10.10"]
[SourceVersion "1"]
[SourceVersionDate "2018.10.10"]
[SourceQuality "1"]

1. d4 d5 2. Nf3 Bg4 3. e3 c6 4. h3 Bh5 5. Be2 Nd7 6. c4 e6 7. Nc3 Bb4 8. cxd5 exd5 9. 0-0 Ne7 10. Re1 0-0 11. a3 Ba5 12. b4 Bc7 13. Nh4 Bxe2 14. Qxe2 f5 15. Nf3 Ng6 16. b5 Nf6 17. a4 Ne4 18. Bb2 Qf6 19. Rac1 Rae8 20. Nxd5 cxd5 21. Rxc7 f4 22. Ba3 fxe3 23. Qxe3 Rf7 24. Rxf7 Qxf7 25. Ng5 Qd7 26. Nxe4 Rxe4 27. Qd2 Qe6 28. Rxe4 Qxe4 29. Qe3 Kf7 30. Qxe4 dxe4 31. Kf1 Nf4 32. Bc1 Nd3 33. Be3 a6 34. bxa6 bxa6 35. a5 Ke6 36. Ke2 Nb2 37. Bd2 Nc4 38. f4 exf3+ 39. gxf3 Kd5 40. Bc3 g6 41. Kd3 Nd6 42. h4 Nf5 43. Be1 Nxd4 44. f4 Nf5 45. Bf2 Nd6 46. Be3 Nc4 47. Bb6 Nxb6 48. axb6 Kc6 49. h5 Kxb6 0-1

[Event "Hessen-ch Seniors op 08th"]
[Site "Bad Sooden-Allendorf"]
[Date "2012.04.18"]
[Round "5"]
[White "Huhn, Ulrich"]
[Black "Kirchberg, Hans Georg"]
[Result "1-0"]
[WhiteElo "2012"]
[BlackElo "1971"]
[PlyCount "51"]
[EventDate "2012.04.14"]
[EventType "swiss"]
[EventRounds "9"]
[EventCountry "GER"]
[SourceTitle "EXT 2019"]
[Source "ChessBase"]
[SourceDate "2018.10.10"]
[SourceVersion "1"]
[SourceVersionDate "2018.10.10"]
[SourceQuality "1"]

1. d4 e6 2. Nc3 c5 3. Nf3 Nf6 4. e4 cxd4 5. Nxd4 d6 6. Bb5+ Nbd7 7. 0-0 Be7 8. Kh1 0-0 9. f4 e5 10. Nf5 Nc5 11. Nxe7+ Qxe7 12. fxe5 dxe5 13. Bg5 Qe6 14. Bxf6 gxf6 15. b4 a6 16. bxc5 axb5 17. Nd5 f5 18. Nc7 Qh6 19. Nxa8 f4 20. Nb6 Be6 21. Nd5 Kh8 22. Nc7 Bc4 23. Qd6 f6 24. Nxb5 Bxf1 25. Rxf1 f3 26. gxf3 1-0

[Event "Hessen-ch Seniors op 08th"]
[Site "Bad Sooden-Allendorf"]
[Date "2012.04.15"]
[Round "2"]
[White "Kirchberg, Hans Georg"]
[Black "Draxler, Gottfried"]
[Result "1-0"]
[WhiteElo "1971"]
[BlackElo "1841"]
[PlyCount "57"]
[EventDate "2012.04.14"]
[EventType "swiss"]
[EventRounds "9"]
[EventCountry "GER"]
[SourceTitle "EXT 2019"]
[Source "ChessBase"]
[SourceDate "2018.10.10"]
[SourceVersion "1"]
[SourceVersionDate "2018.10.10"]
[SourceQuality "1"]

1. d4 d5 2. Nf3 Nf6 3. e3 Bg4 4. h3 Bh5 5. g4 Bg6 6. Ne5 Nbd7 7. h4 h6 8. Nxg6 fxg6 9. Bd3 Kf7 10. f4 e6 11. Nd2 c5 12. c3 c4 13. Bc2 Qc7 14. Rg1 Bd6 15. Nf3 Nf8 16. Ne5+ Bxe5 17. fxe5 Ne8 18. Qf3+ Kg8 19. Rf1 Qe7 20. Qf2 Nc7 21. Bd2 b5 22. 0-0-0 g5 23. hxg5 hxg5 24. Rh1 Rh6 25. Rh2 Nh7 26. Rdh1 Rf8 27. Qg2 Rh4 28. Be1 Rxh2 29. Qxh2 1-0

[Event "Hessen-ch Seniors op 07th"]
[Site "Bad Sooden-Allendorf"]
[Date "2011.05.08"]
[Round "9"]
[White "Kirchberg, Hans Georg"]
[Black "Schumacher, Helmut"]
[Result "1/2-1/2"]
[WhiteElo "1627"]
[BlackElo "1869"]
[PlyCount "57"]
[EventDate "2011.04.30"]
[EventType "swiss"]
[EventRounds "9"]
[EventCountry "GER"]
[SourceTitle "EXT 2012"]
[Source "ChessBase"]
[SourceDate "2011.11.24"]
[SourceVersion "1"]
[SourceVersionDate "2011.11.24"]
[SourceQuality "1"]

1. d4 d5 2. Nf3 c6 3. e3 Nf6 4. Bd3 Bg4 5. h3 Bh5 6. Nbd2 Nbd7 7. c3 e5 8. dxe5 Nxe5 9. Be2 Nxf3+ 10. Nxf3 Bd6 11. 0-0 Qe7 12. Nd4 Bg6 13. Bd3 Ne4 14. Bxe4 dxe4 15. Ne2 Bh5 16. Qc2 g5 17. b4 Bg6 18. Bb2 h5 19. c4 Rg8 20. c5 Be5 21. Bxe5 Qxe5 22. Rad1 h4 23. Rd6 Bf5 24. Qc3 Qxc3 25. Nxc3 g4 26. hxg4 Rxg4 27. f3 exf3 28. Rxf3 Be6 29. Rf4 1/2-1/2